000 01386nam a2200349 c 4500
003 BLK
005 20250630111752.0
008 180409b bul|||||r ||||||| ||bul||
010 _aKNG00116716000
020 _a978-954-585-922-9
_bиздат.: Бард
040 _aBLK
041 _aBUL
_cBUL
080 _aАмериканска литература (на САЩ)
_b821.111(73)
_x-312.4
_z821.111(73)-312.4
100 1 _aБраун, Дан
_eпърви автор
_9374251
139 _aБраун, Дан
_bБ 78
245 1 0 _aЦифрова крепост
_bРоман
_cДан Браун; прев. Иван Василев Златарски.
257 _aUSA
260 София
_bБард
_c2004
300 _a396 с.
_c20 см
380 _aX
490 1 _aКралете на трилъра
500 _aОриг. загл. Digital Fortress / Dan Brown. - Офс. изд.
653 _aтрилъри
653 _aромани
700 1 _aЗлатарски, Иван Василев
_d1948-
_gПреводач от английски език (художествена литература), инженер
_9242826
852 _aЦб 222064
856 4 _qpdf
_u
856 4 _qpdf
_u
942 _cKNG
_n0
_0122
944 _aCR
_c23.12.2004
_lМинев Младен
_k30530
944 _aED
_c11.09.2017
_lф /
_kЛюдмила_Стоянова
999 _c111376
_d111376